Los Derechos Humanos y la cultura /
Salvato in:
| Autore principale: | |
|---|---|
| Natura: | testo |
| Soggetti: | |
| Tags: |
Aggiungi Tag
Nessun Tag, puoi essere il primo ad aggiungerne!!
|
MARC
| LEADER | 00000 a a2200000 04500 | ||
|---|---|---|---|
| 001 | 15501 | ||
| 003 | |||
| 040 | |||
| 100 | |a Carvajal Villaplana, Alvaro | ||
| 245 | |a Los Derechos Humanos y la cultura / |c Alvaro Carvajal Villaplana | ||
| 650 | |a DERECHOS HUMANOS | ||
| 650 | |a CULTURA | ||
| 650 | |a ETICA | ||
| 650 | |a ONU | ||
| 650 | |a METODOLOGIA | ||
| 650 | |a TEORIA | ||
| 773 | |g volumen 36, número 90, EXTR; páginas 509-525 | ||
| 999 | |c 23294 |d 23294 | ||
